Sintaxis latina
Saved in:
| Hovedforfatter: | |
|---|---|
| Format: | Bog |
| Sprog: | spansk latin |
| Udgivet: |
Barcelona
Bosch
1958
|
| Udgivelse: | 8a. ed |
| Fag: | |
| Tags: |
Tilføj Tag
Ingen Tags, Vær først til at tagge denne postø!
|
MARC
| LEADER | 00000nam a2200000 a 4500 | ||
|---|---|---|---|
| 001 | UCS2879 | ||
| 003 | CL-VaPUC | ||
| 008 | 970606e19580000SP |||||||||||||||||spa|d | ||
| 041 | 0 | 7 | |a spa |2 CL-VaPUC |
| 041 | 0 | 7 | |a lat |2 CL-VaPUC |
| 082 | 0 | 4 | |a 475 |b VAL |2 21 |
| 100 | |a Valentí Fiol, Eduardo |e autor |9 388777 | ||
| 245 | 1 | 0 | |a Sintaxis latina |
| 250 | |a 8a. ed | ||
| 300 | |a 241 p | ||
| 942 | |c BK | ||
| 945 | |d 19970606 00:00:00 |a lriquelm | ||
| 260 | |a Barcelona |b Bosch |c 1958 | ||
| 650 | 0 | |a Latín |9 269544 | |
| 650 | 0 | |a Sintaxis |9 318843 | |
| 650 | 7 | |a LENGUAS MUERTAS |2 CL-VaPUC |9 351216 | |
| 650 | 0 | |a Lenguas itálicas |9 351215 | |
| 650 | 0 | |a Gramática |9 270497 | |
| 650 | 0 | |a Semántica |9 265318 | |
| 583 | |a last modification |c 19970606 00:00:00 |k Rodrigo Vera | ||
| 999 | |c 260805 |d 260803 | ||
| 952 | |0 0 |1 0 |4 0 |6 475_000000000000000_VAL_1958 |7 0 |8 P |9 287148 |a BIBDER |b BIBDER |d 2019-11-19 |i 1865706 |o 475 VAL 1958 |p 1865706 |r 2023-01-25 |w 2019-11-19 |y BK |k DER | ||